[Event "Fox On The Run - Glam Chess Rules!"]
[Site "SchemingMind.com"]
[Date "2009.06.02"]
[Round "-"]
[White "mmccaffe"]
[Black "Quaff"]
[Result "1/2-1/2"]
[WhiteCountry "USA"]
[BlackCountry "ENG"]
[WhiteElo "1530"]
[WhiteRD "61"]
[BlackElo "1553"]
[BlackRD "81"]
[GameID "206899"]

1. e4 e5 2. Nf3 Nc6 3. d4 exd4 4. Nxd4 Bb4+ 5. c3 Nxd4 6. Qxd4 Bf8 7. Bc4 d6 8. Qd5 Qe7 9. Bg5 f6 10. Bh4 c6
11. Qd3 Be6 12. Bxe6 Qxe6 13. O-O g5 14. Bg3 O-O-O 15. Re1 h5 16. f3 h4 17. Bf2 Kb8 18. Qd4 c5 19. Qd3 Be7 20. Nd2 Nh6
21. Nc4 Nf7 22. h3 Ne5 23. Nxe5 dxe5 24. Qb5 Rc8 25. Red1 a6 26. Qd7 Qxd7 27. Rxd7 Rc7 28. Rad1 Kc8 29. R7d5 Rd8= 30. c4 b6
31. b3 Rcd7 32. Be3 Rxd5 33. Rxd5 Rxd5 34. exd5 Bd6 35. Kf2 Kd7=
1/2-1/2

[Event "Fox On The Run - Glam Chess Rules!"]
[Site "SchemingMind.com"]
[Date "2009.06.02"]
[Round "-"]
[White "Quaff"]
[Black "mmccaffe"]
[Result "0-1"]
[WhiteCountry "ENG"]
[BlackCountry "USA"]
[WhiteElo "1553"]
[WhiteRD "81"]
[BlackElo "1530"]
[BlackRD "61"]
[GameID "206910"]

1. e4 Nf6 2. e5 Nd5 3. c4 Nb6 4. a4 d6 5. a5 N6d7 6. exd6 cxd6 7. d4 Nc6 8. Qd2 g6 9. b4 Bg7 10. Bb2 O-O
11. b5 Ncb8 12. Nf3 e5 13. dxe5 Nxe5 14. Nxe5 Bxe5 15. Bxe5 dxe5 16. Be2 Be6 17. Qc2 Qc7 18. Na3 Nd7 19. O-O Nc5 20. Bf3 f5
21. Rfd1 e4 22. Be2 Rad8 23. h3 Qe5 24. Rac1 f4 25. f3 exf3 26. Bxf3 Qe3+ 27. Kh1 Qxa3 28. Bd5 f3 29. Bxe6+ Nxe6 30. Qe4 fxg2+
31. Kxg2 Nf4+ 32. Kg1 Qg3+ 33. Kh1 Qxh3+ 34. Kg1 Qg4+ 35. Kh1 Rxd1+ 36. Rxd1 Qxd1+
0-1

[Event "Fox On The Run - Glam Chess Rules!"]
[Site "SchemingMind.com"]
[Date "2009.06.08"]
[Round "-"]
[White "wedgehead"]
[Black "BigDaddy"]
[Result "1-0"]
[WhiteCountry "ENG"]
[BlackCountry "AUT"]
[WhiteElo "1919"]
[WhiteRD "114"]
[BlackElo "1234"]
[BlackRD "97"]
[GameID "207743"]

1. e4 e5 2. Nf3 Nc6 3. Bc4 Nf6 4. Ng5 d5 5. exd5 Nxd5 6. Nxf7 Kxf7 7. Qf3+ Ke8 8. Bxd5 Qxd5 9. Qxd5 Nd4 10. Qxe5+ Ne6
11. O-O Be7 12. Re1 Rf8 13. d4 Bh4 14. g3 Bf6 15. Qb5+ Kd8 16. Qd5+ Bd7 17. Rxe6 c6 18. Qd6 Re8 19. Rxe8+ Kxe8 20. Bf4 Rd8
21. Nc3 Bf5 22. Re1+ Kf7 23. Qb4 b5 24. Qb3+ Be6 25. Qxe6+ Kf8 26. Bd6+ Be7 27. Bxe7+ Ke8 28. Bc5#
1-0

[Event "Fox On The Run - Glam Chess Rules!"]
[Site "SchemingMind.com"]
[Date "2009.06.08"]
[Round "-"]
[White "BigDaddy"]
[Black "wedgehead"]
[Result "0-1"]
[WhiteCountry "AUT"]
[BlackCountry "ENG"]
[WhiteElo "1234"]
[WhiteRD "97"]
[BlackElo "1919"]
[BlackRD "114"]
[GameID "207749"]

1. e4 e5 2. Nf3 Nc6 3. Bc4 Bc5 4. Ng5 Qxg5 5. Qf3 Nf6 6. Nc3 Nd4 7. Qd1 Qxg2 8. Rf1 Nxe4 9. Qh5 O-O 10. Bd5 Nxc2+
11. Kd1 Qxf1+ 12. Kxc2 Nxf2 13. Ne4 Qd3#
0-1

[Event "Fox On The Run - Glam Chess Rules!"]
[Site "SchemingMind.com"]
[Date "2009.06.12"]
[Round "-"]
[White "Wojciech  Langer"]
[Black "Theodoric"]
[Result "0-1"]
[WhiteCountry "INT"]
[BlackCountry "ENG"]
[WhiteElo "1700"]
[WhiteRD "77"]
[BlackElo "1915"]
[BlackRD "76"]
[GameID "207892"]

1. d4 Nf6 2. c4 c5 3. Nf3 g6 4. Nc3 Bg7 5. d5 e6 6. e4 d6 7. Be2 O-O 8. Bd2 b6 9. Qc2 exd5 10. Nxd5 Nxd5
11. cxd5 Nd7 12. O-O Ne5 13. Bc3 Bg4 14. Nxe5 Bxe2 15. Nxf7 Rxf7 16. Qxe2 Bxc3 17. bxc3 Qf6 18. Qe3 Raf8 19. a4 Qe5 20. Rae1 Rf4
21. f3 R4f7 22. Re2 Qe8 23. Ra1 Qe5 24. Rf1 Qe8 25. Ra1 Qe5 26. Rf1 Kg7 27. c4 h6 28. h3 Kh7 29. Ref2 Qg3 30. e5 dxe5
31. Qe4 Rd7 32. Re1 Rf5 33. Re3 Kg7 34. f4 Qxf2+ 35. Kxf2 Rxf4+ 36. Qxf4 exf4 37. Re4 g5 38. Kf3 Kf6 39. Ke2 Rd6 40. Kf2 Kf5
41. Kf3 h5 42. Re7 a6 43. Re8 g4+ 44. hxg4+ hxg4+ 45. Ke2 a5 46. Kf2 Kf6 47. Re4 Kf5 48. Re8 Rh6 49. Kg1 g3 50. Rf8+ Ke5
51. Rf7 Rh4 52. Re7+ Kd4 53. d6 Rh6 54. Rf7 Rxd6 55. Rxf4+ Kc3 56. Rf3+ Rd3 57. Rf6 Rd1+
0-1

[Event "Fox On The Run - Glam Chess Rules!"]
[Site "SchemingMind.com"]
[Date "2009.06.09"]
[Round "-"]
[White "palszab"]
[Black "David Hartley"]
[Result "0-1"]
[WhiteCountry "HUN"]
[BlackCountry "ENG"]
[WhiteElo "1759"]
[WhiteRD "85"]
[BlackElo "1873"]
[BlackRD "68"]
[GameID "207893"]

1. e4 e5 2. Nf3 Nc6 3. d4 exd4 4. Bc4 Bc5 5. Ng5 Nh6 6. Nxf7 Nxf7 7. Bxf7+ Kxf7 8. Qh5+ g6 9. Qxc5 d6 10. Qc4+ Be6
11. Qb4 Nxb4
0-1

[Event "Fox On The Run - Glam Chess Rules!"]
[Site "SchemingMind.com"]
[Date "2009.06.13"]
[Round "-"]
[White "Theodoric"]
[Black "Wojciech  Langer"]
[Result "1/2-1/2"]
[WhiteCountry "ENG"]
[BlackCountry "INT"]
[WhiteElo "1915"]
[WhiteRD "76"]
[BlackElo "1700"]
[BlackRD "77"]
[GameID "207900"]

1. e4 c5 2. c3 Nf6 3. e5 Nd5 4. d4 cxd4 5. Bc4 Nb6 6. Bb3 dxc3 7. Nxc3 d6 8. exd6 Qxd6 9. Qxd6 exd6 10. Nb5 Na6
11. Nf3 Be7 12. O-O O-O 13. Be3 Bg4 14. Bxb6 Bxf3 15. Bxa7 Bc6 16. Nd4 Rxa7 17. Nxc6 bxc6 18. Rfe1 Nc5 19. Bc4 Bf6 20. Rab1 Raa8
21. b4 Nd7 22. Bb3 h6 23. Red1 d5 24. b5 Rac8 25. bxc6 Ne5 26. Bxd5 Nxc6 27. Rb7 Ne5 28. a4 Rb8 29. a5 Rxb7 30. Bxb7 Rd8
31. Bd5 Nc6 32. a6 Na7 33. Kf1 Kf8 34. Rd3 Rd6 35. Bc4 Rxd3 36. Bxd3 Ke7 37. Bc4 Bd4 38. Ke2 f5 39. Bd3 g6 40. h4 Kf6
41. f4 g5 42. g3 gxf4 43. gxf4 Nc6 44. Bc4 Ke7=
1/2-1/2

[Event "Fox On The Run - Glam Chess Rules!"]
[Site "SchemingMind.com"]
[Date "2009.06.09"]
[Round "-"]
[White "David Hartley"]
[Black "palszab"]
[Result "1-0"]
[WhiteCountry "ENG"]
[BlackCountry "HUN"]
[WhiteElo "1873"]
[WhiteRD "68"]
[BlackElo "1759"]
[BlackRD "85"]
[GameID "207901"]

1. e4 e5 2. Nf3 Nc6 3. Bb5 a6 4. Ba4 Nf6 5. O-O Be7 6. Re1 b5 7. Bb3 d6 8. c3 Bg4 9. d4 exd4 10. cxd4 Bxf3
11. gxf3 O-O 12. Kh1 Qd7 13. Rg1 Nh5 14. Nc3 Bf6 15. f4 Qh3 16. Be3 Rae8 17. e5 dxe5 18. fxe5 Bh4 19. Qxh5
1-0

[Event "Fox On The Run - Glam Chess Rules!"]
[Site "SchemingMind.com"]
[Date "2009.06.11"]
[Round "-"]
[White "andu"]
[Black "APB"]
[Result "1-0"]
[WhiteCountry "AUT"]
[BlackCountry "ENG"]
[WhiteElo "1669"]
[WhiteRD "64"]
[BlackElo "1476"]
[BlackRD "87"]
[GameID "208062"]

1. e4 e5 2. Nf3 Nc6 3. Bc4 Nf6 4. Nc3 Nxe4 5. d3 Nxc3 6. bxc3 h6 7. Qe2 Bd6 8. O-O Na5 9. Bxf7+ Kxf7 10. d4 exd4
11. Nxd4 Re8 12. Qh5+ Kg8 13. Nf5 Re5 14. Nxh6+ gxh6 15. Qxh6 Re6 16. Qh5 b6 17. Bh6 Bf8 18. Qg4+ Kf7 19. Qf5+ Rf6 20. Qh7+ Ke8
21. Rfe1+ Be7 22. Qg8+ Rf8 23. Bxf8
1-0

[Event "Fox On The Run - Glam Chess Rules!"]
[Site "SchemingMind.com"]
[Date "2009.06.11"]
[Round "-"]
[White "APB"]
[Black "andu"]
[Result "0-1"]
[WhiteCountry "ENG"]
[BlackCountry "AUT"]
[WhiteElo "1476"]
[WhiteRD "87"]
[BlackElo "1669"]
[BlackRD "64"]
[GameID "208070"]

1. e4 e5 2. Nf3 Nc6 3. Bc4 d6 4. d3 Bg4 5. Nbd2 Be7 6. h3 Bd7 7. Nb3 Nf6 8. Ng5 O-O 9. Nf3 a6 10. a4 Be6
11. Bxe6 fxe6 12. g4 d5 13. Ng5 dxe4 14. Nxe6 Bb4+ 15. Bd2 Qd5 16. Nxc7 Qd6 17. Nxa8 exd3 18. Nb6 Ne4 19. Nc4 Qf6 20. O-O Qh4
21. f3 Qg3+ 22. Kh1 Nf2+ 23. Rxf2 Qxf2
0-1

[Event "Fox On The Run - Glam Chess Rules!"]
[Site "SchemingMind.com"]
[Date "2009.06.11"]
[Round "-"]
[White "Clive Everill"]
[Black "loco61"]
[Result "0-1"]
[WhiteCountry "CZE"]
[BlackCountry "ENG"]
[WhiteElo "1620"]
[WhiteRD "50"]
[BlackElo "1581"]
[BlackRD "69"]
[GameID "208193"]

1. e4 e5 2. f4 d6 3. Nf3 Nc6 4. Bb5 Qe7 5. Bxc6+ bxc6 6. fxe5 dxe5 7. O-O Bg4 8. h3 Bh5 9. g4 Bg6 10. d3 Nf6
11. Bg5 h6 12. Bh4 Qe6 13. Qe2 Be7 14. Bxf6 Bxf6 15. Nbd2 h5 16. g5 Be7 17. Kg2 f6 18. Nh4 fxg5 19. Nxg6 Qxg6 20. Nc4 Bd6
21. Rf5 g4 22. hxg4 h4 23. Nxe5 h3+ 24. Kh2 Bxe5+ 25. Rxe5+ Kd7 26. Rf1 Qd6 27. Rf7+ Kc8 28. Rf5 g6 29. Rg5 Kb7 30. Kh1 Raf8
31. c3 Rf6 32. Qe3 Rhf8 33. Qc5 Rf1+ 34. Kh2 R8f2+ 35. Kxh3 Qxd3+
0-1

[Event "Fox On The Run - Glam Chess Rules!"]
[Site "SchemingMind.com"]
[Date "2009.06.11"]
[Round "-"]
[White "loco61"]
[Black "Clive Everill"]
[Result "1-0"]
[WhiteCountry "ENG"]
[BlackCountry "CZE"]
[WhiteElo "1575"]
[WhiteRD "67"]
[BlackElo "1632"]
[BlackRD "49"]
[GameID "208204"]

1. e4 a6 2. d4 b5 3. Nf3 Bb7 4. Bd3 e6 5. O-O Nf6 6. Re1 c5 7. Be3 c4 8. Be2 Nxe4 9. Nbd2 Nd6 10. b4 Nc6
11. a3 Nf5 12. c3 Nxe3 13. fxe3 Bd6 14. e4 Bf4 15. g3 Be3+ 16. Kf1 Ne7 17. Bxc4 Bxd2 18. Nxd2 bxc4 19. Nxc4 d5 20. exd5 Qxd5
21. Ne3 Qh1+ 22. Ke2 Qxh2+ 23. Kd3 Qh5 24. Qxh5
1-0

[Event "Fox On The Run - Glam Chess Rules!"]
[Site "SchemingMind.com"]
[Date "2009.06.17"]
[Round "-"]
[White "MrPerry"]
[Black "thaipham"]
[Result "1-0"]
[WhiteCountry "USA"]
[BlackCountry "AUS"]
[WhiteElo "1797"]
[WhiteRD "79"]
[BlackElo "1631"]
[BlackRD "86"]
[GameID "208961"]

1. e4 e6 2. d4 d5 3. e5 c5 4. c3 Nc6 5. Nf3 Bd7 6. Be2 cxd4 7. cxd4 Nge7 8. Na3 Rc8 9. Nc2 Qb6 10. O-O Nf5
11. Kh1 Be7 12. g4 Nh6 13. h3 O-O 14. Bxh6 gxh6 15. Qd2 h5 16. Qh6 Nxe5 17. dxe5 Bb5 18. Ng5
1-0

[Event "Fox On The Run - Glam Chess Rules!"]
[Site "SchemingMind.com"]
[Date "2009.06.17"]
[Round "-"]
[White "thaipham"]
[Black "MrPerry"]
[Result "1/2-1/2"]
[WhiteCountry "AUS"]
[BlackCountry "USA"]
[WhiteElo "1631"]
[WhiteRD "86"]
[BlackElo "1797"]
[BlackRD "79"]
[GameID "208964"]

1. d4 Nf6 2. c4 e6 3. Nc3 Bb4 4. a3 Bxc3+ 5. bxc3 c5 6. d5 O-O 7. Bg5 d6 8. Qc2 h6 9. Bh4 e5 10. Nf3 Bg4
11. Nd2 Nbd7 12. e4 Bh5 13. Be2 Bxe2 14. Kxe2 Qe8 15. Rab1 b6 16. a4 Nh7 17. a5 Rb8 18. axb6 Rxb6 19. Qa4 Rxb1=
1/2-1/2

[Event "Fox On The Run - Glam Chess Rules!"]
[Site "SchemingMind.com"]
[Date "2009.06.19"]
[Round "-"]
[White "jankep"]
[Black "lemmie"]
[Result "1-0"]
[WhiteCountry "POL"]
[BlackCountry "NED"]
[WhiteElo "2066"]
[WhiteRD "86"]
[BlackElo "1577"]
[BlackRD "50"]
[GameID "209223"]

1. d4 d5 2. c4 dxc4 3. e4 b5 4. Nf3 c6 5. Nc3 Nd7 6. a4 a6 7. axb5 cxb5 8. Nxb5 Bb7 9. Nc3 e6 10. Bxc4 Bb4
11. Bd3 Ngf6 12. O-O O-O 13. Re1 Re8 14. e5 Nd5 15. Bxh7+ Kxh7 16. Ng5+ Kg8 17. Qh5 Kf8 18. Qxf7#
1-0

[Event "Fox On The Run - Glam Chess Rules!"]
[Site "SchemingMind.com"]
[Date "2009.06.19"]
[Round "-"]
[White "lemmie"]
[Black "jankep"]
[Result "0-1"]
[WhiteCountry "NED"]
[BlackCountry "POL"]
[WhiteElo "1577"]
[WhiteRD "50"]
[BlackElo "2066"]
[BlackRD "86"]
[GameID "209234"]

1. e4 e6 2. d4 d5 3. Nc3 Nf6 4. Bg5 dxe4 5. Nxe4 Be7 6. Bxf6 gxf6 7. Nf3 c6 8. Bd3 Qc7 9. Qe2 b6 10. Ng3 Bb7
11. O-O-O Nd7 12. h4 O-O-O 13. Kb1 Kb8 14. c3= f5 15. Ne5 Nxe5 16. dxe5 c5 17. f4 Rhg8 18. Rh3 c4 19. Bc2 Rg4 20. Rxd8+ Qxd8
21. h5 Qg8 22. Qe1 Bxg2
0-1

[Event "Fox On The Run - Glam Chess Rules!"]
[Site "SchemingMind.com"]
[Date "2009.06.21"]
[Round "-"]
[White "Schaakmaatje"]
[Black "J Mo"]
[Result "1/2-1/2"]
[WhiteCountry "NED"]
[BlackCountry "ENG"]
[WhiteElo "1710"]
[WhiteRD "50"]
[BlackElo "1721"]
[BlackRD "153"]
[GameID "209472"]

1. d4 d5 2. Nf3 Nf6 3. g3 c6 4. Bg2 Bf5 5. c3 e6 6. O-O Bd6 7. Bg5 h6 8. Bxf6 Qxf6 9. Nbd2 Nd7 10. Re1 Be4
11. Nxe4 dxe4 12. Nd2 e3 13. fxe3 Bc7 14. Rf1 Qg6 15. e4 O-O-O 16. e5 Nb6 17. e4 h5 18. Qf3 Rdf8 19. a4 h4 20. gxh4 Rxh4
21. a5 Nd7 22. Nc4 f5 23. exf5 exf5 24. h3 a6 25. b4 Qe6 26. Ne3 g6 27. Rab1 f4 28. Nc2 g5 29. Ne3 fxe3 30. Qxe3 Rxf1+
31. Rxf1 Qg6 32. e6 Nf6 33. Rxf6 Qxf6 34. e7 Rh8 35. e8=Q+=
1/2-1/2

[Event "Fox On The Run - Glam Chess Rules!"]
[Site "SchemingMind.com"]
[Date "2009.06.21"]
[Round "-"]
[White "Uzi Mike"]
[Black "z"]
[Result "1-0"]
[WhiteCountry "USA"]
[BlackCountry "IRQ"]
[WhiteElo "1940"]
[WhiteRD "148"]
[BlackElo "1864"]
[BlackRD "79"]
[GameID "209473"]

1. d4 d5 2. c4 dxc4 3. e4 e5 4. Nf3 exd4 5. Bxc4 c5 6. Ne5 Be6 7. Bxe6 fxe6 8. Qh5+ Ke7 9. Qf7+ Kd6 10. Na3 c4
11. Naxc4+ Kc5 12. b4+ Kxb4 13. Qxb7+ Ka4 14. Qb3#
1-0

[Event "Fox On The Run - Glam Chess Rules!"]
[Site "SchemingMind.com"]
[Date "2009.06.21"]
[Round "-"]
[White "J Mo"]
[Black "Schaakmaatje"]
[Result "1-0"]
[WhiteCountry "ENG"]
[BlackCountry "NED"]
[WhiteElo "1710"]
[WhiteRD "165"]
[BlackElo "1769"]
[BlackRD "51"]
[GameID "209484"]

1. e4 e5 2. Nf3 Nc6 3. Bc4 Bc5 4. c3 Nf6 5. d4 exd4 6. cxd4 Bb4+ 7. Nbd2 d5 8. exd5 Nxd5 9. O-O O-O 10. Nb3 Bg4
11. h3 Bh5 12. a3 Be7 13. Re1 Qd7 14. Qd3 Bg6 15. Qd2 Nb6 16. Bb5 a6 17. Bxc6 Qxc6 18. Rxe7
1-0

[Event "Fox On The Run - Glam Chess Rules!"]
[Site "SchemingMind.com"]
[Date "2009.06.21"]
[Round "-"]
[White "z"]
[Black "Uzi Mike"]
[Result "0-1"]
[WhiteCountry "IRQ"]
[BlackCountry "USA"]
[WhiteElo "1851"]
[WhiteRD "84"]
[BlackElo "2066"]
[BlackRD "110"]
[GameID "209485"]

1. e4 e6 2. d4 d5 3. e5 c5 4. c3 Nc6 5. Nf3 Bd7 6. a3 Nge7 7. b4 cxd4 8. cxd4 Nf5 9. Nc3 Rc8 10. Bb2 Nh4
11. Bd3 Nxg2+ 12. Kf1 Nh4 13. Rg1 Nxf3 14. Qxf3 Nxd4 15. Qf4 Nf5 16. Bxf5 exf5 17. Rg3 Rc4 18. Qf3 f4 19. Rg2 d4 20. Ne4 Rc2
21. Rb1 Qc8 22. Nd6+ Bxd6 23. exd6 Qc4+ 24. Kg1 Rxb2 25. Re1+ Kf8 26. Qxb7 Qe2 27. Qb8+ Be8 28. Qxe8+ Qxe8 29. Rxe8+ Kxe8 30. Rg4 Rb1+
31. Kg2 d3
0-1

[Event "Fox On The Run - Glam Chess Rules!"]
[Site "SchemingMind.com"]
[Date "2009.06.27"]
[Round "-"]
[White "rao"]
[Black "thefriediceman"]
[Result "0-1"]
[WhiteCountry "INT"]
[BlackCountry "USA"]
[WhiteElo "1556"]
[WhiteRD "74"]
[BlackElo "1852"]
[BlackRD "68"]
[GameID "210271"]

1. e4 e5 2. Nf3 Nc6 3. Bc4 Bc5 4. d3 Nf6 5. Bg5 h6 6. Bh4 d6 7. h3 g5 8. Bg3 Nh5 9. Bh2 Nf4 10. Bxf4 gxf4
11. a3 Rg8 12. Rg1 Nd4
0-1

[Event "Fox On The Run - Glam Chess Rules!"]
[Site "SchemingMind.com"]
[Date "2009.06.27"]
[Round "-"]
[White "thefriediceman"]
[Black "rao"]
[Result "1-0"]
[WhiteCountry "USA"]
[BlackCountry "INT"]
[WhiteElo "1852"]
[WhiteRD "68"]
[BlackElo "1556"]
[BlackRD "74"]
[GameID "210278"]

1. e4 e5 2. Nf3 Nc6 3. Bc4 h6 4. d4 d6 5. dxe5 Nxe5 6. Nxe5 dxe5 7. Qxd8+ Kxd8 8. Bxf7 Nf6 9. Nd2 Bb4 10. c3 Bc5
11. O-O Ke7 12. Bg6 Be6 13. Nf3 Bd6 14. h3 Rhd8 15. Be3 b6 16. b3 Ba3 17. Nxe5 Rd6 18. Rad1 Bb2 19. Bd4 c5 20. Be3 Bxc3
21. Rxd6 Kxd6 22. Nf3
1-0

[Event "Fox On The Run - Glam Chess Rules!"]
[Site "SchemingMind.com"]
[Date "2009.06.29"]
[Round "-"]
[White "Phillip Beckett"]
[Black "maro"]
[Result "0-1"]
[WhiteCountry "ENG"]
[BlackCountry "MEX"]
[WhiteElo "1632"]
[WhiteRD "58"]
[BlackElo "1328"]
[BlackRD "52"]
[GameID "210418"]

1. d4 d5 2. e3 e6 3. Bd3 Bd6 4. f4 f5 5. Nf3 Bd7 6. O-O h6 7. Ne5 Bxe5 8. Qh5+ Kf8 9. fxe5 Be8 10. Qf3 g5
11. c4 Ne7 12. c5 c6 13. b4 a6 14. a4 a5 15. b5 cxb5 16. axb5 g4 17. b6 Nd7 18. Qxg4 Rg8 19. Qf3 Ng6 20. Bxf5 exf5
21. Qxf5+ Kg7 22. e6 Rf8 23. Qg4 Rxf1+ 24. Kxf1 Qf6+ 25. Kg1 Nf8 26. e4 Qxd4+ 27. Kf1 Bb5+ 28. Ke1 Qg1+ 29. Kd2 Qf2+ 30. Kc3 d4+
31. Kb3 Qf1 32. Bb2 Qc4+ 33. Ka3 Qa4#
0-1

[Event "Fox On The Run - Glam Chess Rules!"]
[Site "SchemingMind.com"]
[Date "2009.06.29"]
[Round "-"]
[White "maro"]
[Black "Phillip Beckett"]
[Result "1-0"]
[WhiteCountry "MEX"]
[BlackCountry "ENG"]
[WhiteElo "1328"]
[WhiteRD "52"]
[BlackElo "1632"]
[BlackRD "58"]
[GameID "210422"]

1. d4 d5 2. c4 e6 3. c5 e5 4. e4 dxe4 5. Nc3 exd4 6. Nxe4 Bf5 7. Bg5 Be7 8. Qa4+ Nd7 9. c6 Nb6 10. Qb5 Bxe4
11. cxb7+ c6 12. bxa8=Q cxb5 13. Bxb5+ Kf8 14. Qxe4 Bxg5 15. Nf3 Bf6 16. O-O Ne7 17. Rad1 Ng6 18. Nxd4 Bxd4 19. Rxd4 Qb8 20. Rfd1
1-0

[Event "Fox On The Run - Glam Chess Rules!"]
[Site "SchemingMind.com"]
[Date "2009.07.03"]
[Round "-"]
[White "jl1234"]
[Black "CRIS PORTI"]
[Result "1-0"]
[WhiteCountry "POL"]
[BlackCountry "ARG"]
[WhiteElo "1827"]
[WhiteRD "75"]
[BlackElo "1715"]
[BlackRD "97"]
[GameID "210493"]

1. e4 e5 2. Nf3 Nc6 3. Bb5 a6 4. Bxc6 dxc6 5. O-O Bg4 6. h3 Bxf3 7. Qxf3 Nf6 8. d3 Bc5 9. Bg5 h6 10. Bh4 O-O
11. Nd2 b5 12. Nb3 Bb6 13. Nd2 Qd6 14. Bxf6 Qxf6 15. Qxf6 gxf6 16. Nf3 Rad8 17. Nh4 Kh7 18. Nf5 Bd4 19. Rab1 b4 20. Kh1 Bc5
21. f4 Bd6 22. Ng3 exf4 23. Nh5
1-0

[Event "Fox On The Run - Glam Chess Rules!"]
[Site "SchemingMind.com"]
[Date "2009.07.03"]
[Round "-"]
[White "CRIS PORTI"]
[Black "jl1234"]
[Result "0-1"]
[WhiteCountry "ARG"]
[BlackCountry "POL"]
[WhiteElo "1715"]
[WhiteRD "97"]
[BlackElo "1827"]
[BlackRD "75"]
[GameID "210501"]

1. e4 c5 2. Nf3 Nc6 3. d4 e6 4. Be3 Qb6 5. b3 Nf6 6. dxc5 Bxc5 7. Bxc5 Qxc5 8. Bd3 O-O 9. O-O d5 10. e5 Ne4
11. Bxe4 dxe4 12. Nfd2 e3 13. fxe3 Qxe3+ 14. Kh1 Rd8 15. Rf3 Qxe5 16. c3 Qd6 17. Qf1 Ne5 18. Ne4 Qd1 19. Nbd2 Qxf1+ 20. Rfxf1 f5
21. Nf3 Nxf3 22. Rxf3 fxe4 23. Re3 Rd3
0-1

[Event "Fox On The Run - Glam Chess Rules!"]
[Site "SchemingMind.com"]
[Date "2009.06.30"]
[Round "-"]
[White "baobab"]
[Black "Andreas Flato"]
[Result "0-1"]
[WhiteCountry "ITA"]
[BlackCountry "GER"]
[WhiteElo "1662"]
[WhiteRD "85"]
[BlackElo "1755"]
[BlackRD "72"]
[GameID "210607"]

1. d4 e6 2. e4 d5 3. e5 c5 4. c3 Qb6 5. Nf3 Nc6 6. b3 cxd4 7. cxd4 Bb4+ 8. Bd2 Nxd4 9. Bxb4 Qxb4+ 10. Qd2 Nc2+
11. Kd1 Qxd2+ 12. Nfxd2 Nxa1
0-1

[Event "Fox On The Run - Glam Chess Rules!"]
[Site "SchemingMind.com"]
[Date "2009.07.01"]
[Round "-"]
[White "Frankygolucky"]
[Black "jtrochez1"]
[Result "1-0"]
[WhiteCountry "GBR"]
[BlackCountry "HON"]
[WhiteElo "1865"]
[WhiteRD "82"]
[BlackElo "1520"]
[BlackRD "54"]
[GameID "210608"]

1. d4 d5 2. c4 e6 3. Nf3 Nf6 4. Nc3 c6 5. e3 Bd6 6. Bd3 h6 7. O-O O-O 8. e4 dxe4 9. Nxe4 Nxe4 10. Bxe4 Qc7
11. Bc2 Re8 12. Qd3 f5 13. Re1 Nd7 14. Bd2 b6 15. Bc3 c5 16. Rad1
1-0

[Event "Fox On The Run - Glam Chess Rules!"]
[Site "SchemingMind.com"]
[Date "2009.06.30"]
[Round "-"]
[White "Andreas Flato"]
[Black "baobab"]
[Result "1-0"]
[WhiteCountry "GER"]
[BlackCountry "ITA"]
[WhiteElo "1755"]
[WhiteRD "72"]
[BlackElo "1662"]
[BlackRD "85"]
[GameID "210614"]

1. e4 c6 2. d4 d5 3. e5 e6 4. Nf3 c5 5. c3 Nc6 6. Bb5 Bd7 7. Bxc6 Bxc6 8. O-O Qb6 9. a4 cxd4 10. cxd4 Rc8
11. Nc3 Bb4 12. Qd3 Bxc3 13. bxc3 Ne7 14. h4 h6 15. Bd2 O-O 16. Rfb1 Qd8 17. g4 Ng6 18. g5 hxg5 19. Bxg5
1-0

[Event "Fox On The Run - Glam Chess Rules!"]
[Site "SchemingMind.com"]
[Date "2009.06.30"]
[Round "-"]
[White "jtrochez1"]
[Black "Frankygolucky"]
[Result "0-1"]
[WhiteCountry "HON"]
[BlackCountry "GBR"]
[WhiteElo "1520"]
[WhiteRD "54"]
[BlackElo "1865"]
[BlackRD "82"]
[GameID "210615"]

1. e4 e6 2. d4 d5 3. e5 c5 4. c3 Nc6 5. Nf3 Bd7 6. b3 Rc8 7. Be2 cxd4 8. cxd4 Bb4+ 9. Nbd2 Nge7 10. O-O Bc3
11. Rb1 Nxd4 12. Nxd4 Bxd4 13. Bb2 Bxb2 14. Rxb2 O-O 15. Nf3 Ng6 16. Qd2 Qc7
0-1

[Event "Fox On The Run - Glam Chess Rules!"]
[Site "SchemingMind.com"]
[Date "2009.07.05"]
[Round "-"]
[White "mmccaffe"]
[Black "jankep"]
[Result "0-1"]
[WhiteCountry "USA"]
[BlackCountry "POL"]
[WhiteElo "1530"]
[WhiteRD "61"]
[BlackElo "2066"]
[BlackRD "86"]
[GameID "211220"]

1. e4 e6 2. d4 d5 3. Nc3 Nf6 4. Nf3 c5 5. exd5 exd5 6. Bb5+ Bd7 7. Qe2+ Be7 8. Bxd7+ Nbxd7 9. dxc5 O-O 10. O-O Re8
11. Be3 Bxc5 12. Qd2 Bxe3 13. fxe3 Nb6 14. b3 Qc7 15. Ne2 Ng4 16. e4 dxe4 17. Nfd4 Qxh2#
0-1

[Event "Fox On The Run - Glam Chess Rules!"]
[Site "SchemingMind.com"]
[Date "2009.07.05"]
[Round "-"]
[White "jankep"]
[Black "mmccaffe"]
[Result "1-0"]
[WhiteCountry "POL"]
[BlackCountry "USA"]
[WhiteElo "2066"]
[WhiteRD "86"]
[BlackElo "1530"]
[BlackRD "61"]
[GameID "211227"]

1. d4 Nf6 2. c4 g6 3. e3 d5 4. cxd5 Nxd5 5. e4 Nb6 6. Nf3 Bg7 7. a4 Bg4 8. a5 N6d7 9. Be2 Bxf3 10. Bxf3 Nc6
11. e5 O-O 12. a6 Nxd4 13. Qxd4 Bxe5 14. axb7 Rb8 15. Qxa7 Nb6 16. Nc3
1-0

[Event "Fox On The Run - Glam Chess Rules!"]
[Site "SchemingMind.com"]
[Date "2009.07.07"]
[Round "-"]
[White "maro"]
[Black "andu"]
[Result "0-1"]
[WhiteCountry "MEX"]
[BlackCountry "AUT"]
[WhiteElo "1328"]
[WhiteRD "52"]
[BlackElo "1835"]
[BlackRD "49"]
[GameID "211372"]

1. d4 Nf6 2. d5 g6 3. Nc3 Bg7 4. Bd2 c6 5. Bg5 Nxd5 6. Nxd5 cxd5 7. Qxd5 Bxb2 8. Rd1 Nc6 9. Qb3 Qa5+ 10. Bd2 Qb6
11. Qc4 d5 12. Qf4 Nd4 13. Be3 Bc3+ 14. Bd2 Nxc2#
0-1

[Event "Fox On The Run - Glam Chess Rules!"]
[Site "SchemingMind.com"]
[Date "2009.07.07"]
[Round "-"]
[White "andu"]
[Black "maro"]
[Result "1-0"]
[WhiteCountry "AUT"]
[BlackCountry "MEX"]
[WhiteElo "1835"]
[WhiteRD "49"]
[BlackElo "1328"]
[BlackRD "52"]
[GameID "211377"]

1. e4 e5 2. f4 Bd6 3. fxe5 Bxe5 4. d4 Qh4+ 5. Ke2 Qxe4+ 6. Be3 Bxd4 7. Qxd4 Qxc2+ 8. Ke1 Nf6 9. Na3 Qf5 10. Bd3 Qa5+
11. Bd2 Qh5 12. Qe3+ Kd8 13. Qg5 Re8+ 14. Kf2 d6 15. Qxh5 Nxh5 16. Nf3 Bg4 17. Rhe1 Rxe1 18. Rxe1 Nd7 19. Bxh7 Bxf3 20. gxf3 Ndf6
21. Bd3 Kd7 22. Bf5+ Kd8 23. Bg5
1-0

[Event "Fox On The Run - Glam Chess Rules!"]
[Site "SchemingMind.com"]
[Date "2009.07.21"]
[Round "-"]
[White "David Hartley"]
[Black "Theodoric"]
[Result "0-1"]
[WhiteCountry "ENG"]
[BlackCountry "ENG"]
[WhiteElo "1858"]
[WhiteRD "74"]
[BlackElo "1967"]
[BlackRD "68"]
[GameID "212833"]

1. e4 e6 2. d4 d5 3. Nd2 Nf6 4. e5 Nfd7 5. Bd3 c5 6. c3 Nc6 7. Ne2 f6 8. f4 fxe5 9. fxe5 cxd4 10. cxd4 Nxd4
11. O-O Qb6 12. Kh1 Nxe5
0-1